[Event "Montreal Mercredi 10"]
[Site "Montreal CAN"]
[Date "2008.11.05"]
[Round "5"]
[White "Serra, Luc"]
[Black "Germain, Max"]
[Result "1/2-1/2"]
[WhiteElo "1607"]
[BlackElo "1644"]
[PlyCount "148"]
[GameId "2160767910311364"]
[EventDate "2008.10.08"]
[EventType "tourn"]
[EventRounds "5"]
[EventCountry "CAN"]
[SourceTitle "EXT 2011"]
[Source "ChessBase"]
[SourceDate "2011.11.26"]
[SourceVersion "1"]
[SourceVersionDate "2011.11.26"]
[SourceQuality "1"]

1. e4 c5 2. Nc3 e6 3. f4 Nf6 4. Nf3 d6 5. Bb5+ Bd7 6. Bc4 Bc6 7. d3 a6 8. Qe2 b5 9. Bb3 b4 10. Nd1 Be7 11. O-O d5 12. e5 Ng8 13. Ne3 Qc7 14. Qe1 Nd7 15. Qg3 g6 16. Bd2 Nh6 17. Qh3 Nf5 18. Nxf5 gxf5 19. c3 a5 20. cxb4 a4 21. Bc2 cxb4 22. d4 Nb6 23. Bd3 Nc4 24. b3 Nxd2 25. Nxd2 Qb6 26. Qe3 h5 27. Rfc1 h4 28. Nf3 Kd7 29. Qe2 axb3 30. axb3 Rxa1 31. Rxa1 Rb8 32. Ra6 Qb7 33. Qa2 Ra8 34. Rxa8 Qxa8 35. Qxa8 Bxa8 36. g3 hxg3 37. h4 Ke8 38. Kg2 Kf8 39. Kxg3 Bc6 40. Ne1 Kg7 41. Nc2 Kh6 42. Be2 Be8 43. Ne3 Bd7 44. Nd1 Bd8 45. Ne3 Be7 46. Ng2 Bd8 47. Kf2 Be8 48. Ba6 Kh5 49. Be2+ Kh6 50. Ba6 Bd7 51. Ke3 Kg6 52. Be2 Bc6 53. Ba6 f6 54. Be2 Be8 55. Ba6 Bf7 56. Bb5 Kg7 57. Kd2 Kg6 58. Ba6 Be7 59. Be2 Kh6 60. Bb5 Kg7 61. Bd7 Bg8 62. Bb5 Bh7 63. Bd7 Kf7 64. Bb5 Kg7 65. Be2 Bg6 66. Bb5 Bd8 67. Bd7 Kf7 68. Bb5 Bh5 69. Be2 Kg6 70. Bxh5+ Kxh5 71. Ne1 fxe5 72. fxe5 Bxh4 73. Nd3 Kg4 74. Nxb4 Kg3 1/2-1/2

[Event "Montreal Mercredi 10"]
[Site "Montreal CAN"]
[Date "2008.11.05"]
[Round "5"]
[White "Sonn, Eric"]
[Black "Landry, Martin"]
[Result "1-0"]
[WhiteElo "1670"]
[BlackElo "1581"]
[PlyCount "82"]
[GameId "2160767910311365"]
[EventDate "2008.10.08"]
[EventType "tourn"]
[EventRounds "5"]
[EventCountry "CAN"]
[SourceTitle "EXT 2011"]
[Source "ChessBase"]
[SourceDate "2011.11.26"]
[SourceVersion "1"]
[SourceVersionDate "2011.11.26"]
[SourceQuality "1"]

1. e4 c5 2. Nf3 d6 3. Bb5+ Bd7 4. a4 a6 5. Bc4 e6 6. c3 Be7 7. d4 cxd4 8. cxd4 Qc7 9. Bd3 Nc6 10. Nc3 Bf6 11. Ne2 Nge7 12. Be3 Rc8 13. O-O Ng6 14. Ng3 O-O 15. Rc1 Qb8 16. Bb1 Rfd8 17. Qd2 Nce7 18. Nh5 Bxa4 19. Nxf6+ gxf6 20. Bh6 Bc6 21. h4 e5 22. h5 Nf8 23. Rc3 Bb5 24. Rfc1 Rxc3 25. Rxc3 Rc8 26. Ra3 Qc7 27. Nh4 Qc1+ 28. Qxc1 Rxc1+ 29. Bxc1 Be2 30. Rg3+ Kh8 31. Bh6 Ne6 32. d5 Nd4 33. Bg7+ Kg8 34. Bxf6+ Kf8 35. Bxe7+ Kxe7 36. h6 Bh5 37. Rg7 Ne2+ 38. Kh2 Nf4 39. Rxh7 Kf6 40. Rg7 Ng6 41. Nxg6 Bxg6 1-0

[Event "Montreal Mercredi 11"]
[Site "Montreal CAN"]
[Date "2008.11.19"]
[Round "1"]
[White "Giroux, Robert"]
[Black "Plante, Michel"]
[Result "0-1"]
[WhiteElo "1987"]
[BlackElo "2064"]
[PlyCount "104"]
[GameId "2160767910286132"]
[EventDate "2008.11.19"]
[EventType "tourn"]
[EventRounds "5"]
[EventCountry "CAN"]
[SourceTitle "EXT 2011"]
[Source "ChessBase"]
[SourceDate "2011.11.26"]
[SourceVersion "1"]
[SourceVersionDate "2011.11.26"]
[SourceQuality "1"]

1. e4 d6 2. d4 Nf6 3. Nc3 g6 4. Be3 c6 5. h3 Bg7 6. a4 O-O 7. Nf3 d5 8. e5 Ne4 9. Bd3 Nxc3 10. bxc3 c5 11. h4 Bg4 12. h5 Nc6 13. hxg6 fxg6 14. Rxh7 Bxf3 15. Rxg7+ Kxg7 16. gxf3 Rh8 17. Kd2 c4 18. Be2 Qd7 19. Qg1 Nd8 20. f4 Nf7 21. Qg2 Rag8 22. e6 Qxe6 23. Bf3 Rd8 24. Rb1 Qd7 25. f5 Qxf5 26. Rxb7 e6 27. Bg4 Qf6 28. Bf3 Qf5 29. Qg3 Rh3 30. Qc7 Rf8 31. Be2 Rh7 32. Rb5 Kh8 33. Bxc4 Ne5 34. Qxe5+ Qxe5 35. dxe5 dxc4 36. Rc5 Rf5 37. Rxc4 Kg8 38. Rc8+ Rf8 39. Rc6 Rd7+ 40. Ke2 Kf7 41. Ra6 Rc8 42. Bd4 Rcc7 43. Kd3 Rb7 44. f4 Rb6 45. Rxb6 axb6 46. Kc4 Ra7 47. Kb4 Ra6 48. Kb5 Ra5+ 49. Kb4 Ra6 50. c4 Ke7 51. Bc3 Ra8 52. Kb5 Kd7 0-1

[Event "Montreal Mercredi 11"]
[Site "Montreal CAN"]
[Date "2008.11.19"]
[Round "1"]
[White "Guindon, Alex"]
[Black "Bolduc, Rene"]
[Result "1-0"]
[WhiteElo "1431"]
[BlackElo "1513"]
[PlyCount "119"]
[GameId "2160767910286133"]
[EventDate "2008.11.19"]
[EventType "tourn"]
[EventRounds "5"]
[EventCountry "CAN"]
[SourceTitle "EXT 2011"]
[Source "ChessBase"]
[SourceDate "2011.11.26"]
[SourceVersion "1"]
[SourceVersionDate "2011.11.26"]
[SourceQuality "1"]

1. d4 d5 2. Nf3 Bf5 3. Bf4 c6 4. e3 Nd7 5. Bd3 Bg4 6. h3 Bh5 7. Nbd2 Ngf6 8. c3 e6 9. Qc2 Be7 10. O-O-O Qa5 11. Kb1 b5 12. b4 Qb6 13. Rc1 a5 14. Kb2 axb4 15. cxb4 Qa6 16. Qb3 Bxb4 17. Qxb4 Qxa2+ 18. Kc3 Ra3+ 19. Nb3 Nb6 20. Rc2 Rxb3+ 21. Qxb3 Qa5+ 22. Qb4 Na4+ 23. Kb3 Qb6 24. Bxb5 cxb5 25. Rc8+ Kd7 26. Rxh8 Bxf3 27. gxf3 Qc6 28. Qd6+ Qxd6 29. Bxd6 Kxd6 30. Rc1 Nb6 31. Rb8 Nfd7 32. Rb7 e5 33. dxe5+ Kxe5 34. Rcc7 Kd6 35. Kb4 Ne5 36. Kxb5 Nbc4 37. f4 Na3+ 38. Kb4 Nec4 39. e4 Nc2+ 40. Kc3 N2a3 41. exd5 Kxd5 42. Kb3 Nb1 43. Kc2 Nba3+ 44. Kd3 Nd6 45. Rd7 Ke6 46. Rxd6+ Kxd6 47. Rxf7 Nb5 48. Rxg7 Ke6 49. Rxh7 Nd6 50. Ke3 Nf5+ 51. Kf3 Kf6 52. Kg4 Kg6 53. Rh5 Nd4 54. f5+ Kf6 55. Rh6+ Kf7 56. Rg6 Ne2 57. h4 Nd4 58. h5 Nc2 59. h6 Ne1 60. h7 1-0

[Event "Montreal Mercredi 11"]
[Site "Montreal CAN"]
[Date "2008.11.19"]
[Round "1"]
[White "Lalonde, Paul"]
[Black "Morin, Louis"]
[Result "1-0"]
[WhiteElo "1915"]
[BlackElo "1896"]
[PlyCount "73"]
[GameId "2160767910286134"]
[EventDate "2008.11.19"]
[EventType "tourn"]
[EventRounds "5"]
[EventCountry "CAN"]
[SourceTitle "EXT 2011"]
[Source "ChessBase"]
[SourceDate "2011.11.26"]
[SourceVersion "1"]
[SourceVersionDate "2011.11.26"]
[SourceQuality "1"]

1. e4 e5 2. Nc3 Nf6 3. f4 d5 4. Nf3 Nxe4 5. Nxe4 dxe4 6. Nxe5 Be6 7. d3 f6 8. Qh5+ g6 9. Nxg6 Bf7 10. Qb5+ c6 11. Qxb7 Bxg6 12. Qxa8 Qb6 13. f5 Bxf5 14. Bf4 Bb4+ 15. c3 O-O 16. Bh6 Rd8 17. O-O-O Bf8 18. Bf4 exd3 19. Bxd3 Bxd3 20. Rxd3 Nd7 21. Qxd8 Qxd8 22. Rhd1 Qa5 23. Rxd7 Qxa2 24. R1d4 c5 25. Rd3 Qa1+ 26. Kd2 Qxb2+ 27. Ke3 c4 28. R3d5 Qxc3+ 29. Ke4 Qc2+ 30. Kf3 f5 31. Rd8 Qe4+ 32. Kg3 Kf7 33. Re5 Qb1 34. Rd7+ Kf6 35. Re8 Qb3+ 36. Kh4 Qb4 37. Bg5+ 1-0

[Event "Montreal Mercredi 11"]
[Site "Montreal CAN"]
[Date "2008.11.19"]
[Round "1"]
[White "Luo, Zhao Yang"]
[Black "Marquis, Gerald"]
[Result "0-1"]
[WhiteElo "1651"]
[BlackElo "1542"]
[PlyCount "86"]
[GameId "2160767910286135"]
[EventDate "2008.11.19"]
[EventType "tourn"]
[EventRounds "5"]
[EventCountry "CAN"]

1. d4 d5 2. c4 e6 3. Nf3 Nf6 4. Bg5 c6 5. Nc3 Nbd7 6. e3 Qa5 7. Bd3 Ne4 8. Bxe4 dxe4 9. Nd2 Qxg5 10. O-O f5 11. d5 cxd5 12. cxd5 Nb6 13. d6 Bxd6 14. Ndxe4 Bxh2+ 15. Kxh2 fxe4 16. Kg1 Qe5 17. Qc2 O-O 18. Nxe4 Bd7 19. Rfd1 Bc6 20. Ng3 Nd5 21. Qb3 Nf6 22. Rd4 Ne4 23. Nxe4 Bxe4 24. Qb4 Bc6 25. Rc1 Rf6 26. Rc5 Qc7 27. Rg5 Raf8 28. Rdg4 g6 29. Qc4 Qd6 30. Qc3 Qc7 31. Qc4 Qf7 32. Qc2 Be8 33. f3 Rf5 34. Rxf5 exf5 35. Rc4 Bc6 36. Qc3 Qf6 37. Qb4 Qg5 38. Rc3 Bxf3 39. Qc4+ Rf7 40. Qc8+ Kg7 41. Rc2 Qxe3+ 42. Kh2 Bc6 43. Qc7 Rxc7 0-1

[Event "Montreal Mercredi 11"]
[Site "Montreal CAN"]
[Date "2008.11.19"]
[Round "1"]
[White "Millette, Sylvain"]
[Black "Lamouche, Andre"]
[Result "1/2-1/2"]
[WhiteElo "1693"]
[BlackElo "1732"]
[PlyCount "44"]
[GameId "2160767910286136"]
[EventDate "2008.11.19"]
[EventType "tourn"]
[EventRounds "5"]
[EventCountry "CAN"]
[SourceTitle "EXT 2011"]
[Source "ChessBase"]
[SourceDate "2011.11.26"]
[SourceVersion "1"]
[SourceVersionDate "2011.11.26"]
[SourceQuality "1"]

1. Nf3 c5 2. g3 Nf6 3. Bg2 Nc6 4. O-O e5 5. d3 d5 6. Bg5 Be7 7. Bxf6 Bxf6 8. e4 dxe4 9. dxe4 Qxd1 10. Rxd1 Nd4 11. Nxd4 cxd4 12. c3 O-O 13. cxd4 exd4 14. Nd2 d3 15. e5 Bxe5 16. Nc4 Bf6 17. Rxd3 Be6 18. Ne3 Bxb2 19. Rb1 Bf6 20. Rxb7 Bxa2 21. Ra3 Be6 22. Rbxa7 Rxa7 1/2-1/2

[Event "Montreal Mercredi 11"]
[Site "Montreal CAN"]
[Date "2008.11.19"]
[Round "1"]
[White "Monga, Alain"]
[Black "Gauthier, Luc"]
[Result "0-1"]
[WhiteElo "1611"]
[BlackElo "1631"]
[PlyCount "74"]
[GameId "2160767910286137"]
[EventDate "2008.11.19"]
[EventType "tourn"]
[EventRounds "5"]
[EventCountry "CAN"]
[SourceTitle "EXT 2011"]
[Source "ChessBase"]
[SourceDate "2011.11.26"]
[SourceVersion "1"]
[SourceVersionDate "2011.11.26"]
[SourceQuality "1"]

1. e4 Nf6 2. Nc3 d5 3. exd5 Nxd5 4. Qf3 Nxc3 5. Qxc3 Nc6 6. Nf3 a6 7. d4 Bg4 8. Ne5 Nxe5 9. f3 Bxf3 10. gxf3 Qxd4 11. Qxc7 Nxf3+ 12. Ke2 Qe5+ 13. Qxe5 Nxe5 14. Bf4 Ng6 15. Be3 e5 16. Bg2 O-O-O 17. Rhf1 f6 18. c4 Bb4 19. a3 Ba5 20. b4 Bc7 21. Be4 Nf4+ 22. Kf3 g6 23. Bxf4 exf4 24. Bd5 Rhe8 25. Rae1 Be5 26. a4 Bc3 27. Rxe8 Rxe8 28. b5 Bd2 29. Rf2 Bc1 30. h4 g5 31. Kg4 axb5 32. axb5 Re5 33. hxg5 Rxg5+ 34. Kf3 Be3 35. Rh2 h5 36. Bf7 Rg3+ 37. Ke2 Bg1 0-1

[Event "Montreal Mercredi 11"]
[Site "Montreal CAN"]
[Date "2008.11.19"]
[Round "1"]
[White "Poschmann, Jeremie"]
[Black "Arseneault, Marc"]
[Result "0-1"]
[WhiteElo "1889"]
[BlackElo "1903"]
[PlyCount "49"]
[GameId "2160767910286138"]
[EventDate "2008.11.19"]
[EventType "tourn"]
[EventRounds "5"]
[EventCountry "CAN"]
[SourceTitle "EXT 2011"]
[Source "ChessBase"]
[SourceDate "2011.11.26"]
[SourceVersion "1"]
[SourceVersionDate "2011.11.26"]
[SourceQuality "1"]

1. d4 d5 2. c4 e6 3. g3 Bb4+ 4. Bd2 Qe7 5. Bg2 Nf6 6. Qc2 O-O 7. e3 c5 8. Ne2 Nc6 9. cxd5 exd5 10. O-O Bg4 11. Nbc3 Bxc3 12. Bxc3 Bxe2 13. Qxe2 cxd4 14. Bd2 Rfe8 15. Qb5 a6 16. Qb3 dxe3 17. Bxe3 Na5 18. Qd3 Nc4 19. Bd4 Ne4 20. Rfe1 Qb4 21. Bxe4 dxe4 22. Rxe4 Nxb2 23. Rae1 Qxe1+ 24. Rxe1 Rxe1+ 25. Qf1 0-1

[Event "Montreal Mercredi 11"]
[Site "Montreal CAN"]
[Date "2008.11.19"]
[Round "1"]
[White "Savard, Alain"]
[Black "Cote, Philippe"]
[Result "1-0"]
[WhiteElo "1756"]
[BlackElo "1731"]
[PlyCount "47"]
[GameId "2160767910286139"]
[EventDate "2008.11.19"]
[EventType "tourn"]
[EventRounds "5"]
[EventCountry "CAN"]
[SourceTitle "EXT 2011"]
[Source "ChessBase"]
[SourceDate "2011.11.26"]
[SourceVersion "1"]
[SourceVersionDate "2011.11.26"]
[SourceQuality "1"]

1. e4 g6 2. d4 Bg7 3. Nf3 d6 4. Be3 Nd7 5. Qd2 a6 6. Bc4 e6 7. a4 h6 8. Nc3 b6 9. O-O Ne7 10. Rad1 Bb7 11. d5 e5 12. Ne1 g5 13. g3 Ng6 14. Be2 Qe7 15. Bg4 O-O-O 16. b4 f6 17. Bf5 Qf7 18. a5 b5 19. Qe2 Ne7 20. Be6 Qf8 21. Nxb5 axb5 22. Qxb5 f5 23. a6 Ba8 24. Ba7 1-0

[Event "Montreal Mercredi 11"]
[Site "Montreal CAN"]
[Date "2008.11.19"]
[Round "1"]
[White "Serra, Luc"]
[Black "Baran, Marius"]
[Result "1-0"]
[WhiteElo "1661"]
[BlackElo "1684"]
[PlyCount "51"]
[GameId "2160767910286140"]
[EventDate "2008.11.19"]
[EventType "tourn"]
[EventRounds "5"]
[EventCountry "CAN"]
[SourceTitle "EXT 2011"]
[Source "ChessBase"]
[SourceDate "2011.11.26"]
[SourceVersion "1"]
[SourceVersionDate "2011.11.26"]
[SourceQuality "1"]

1. e4 c5 2. b3 e6 3. Bb2 Nc6 4. f4 d5 5. e5 Nh6 6. Nf3 Be7 7. Nc3 O-O 8. Bd3 f6 9. O-O a6 10. Qe1 b5 11. a4 c4 12. axb5 cxd3 13. bxc6 Qb6+ 14. Kh1 Qxc6 15. Nd4 Qb6 16. Na4 Qc7 17. cxd3 Bd7 18. Rc1 Qb7 19. Nc5 Bxc5 20. Rxc5 Qb6 21. Rc1 Bb5 22. Rf3 Nf5 23. Nxf5 exf5 24. exf6 gxf6 25. Rg3+ Kh8 26. Qe7 1-0

[Event "Montreal Mercredi 11"]
[Site "Montreal CAN"]
[Date "2008.11.19"]
[Round "1"]
[White "Tremblay, Sigfrid"]
[Black "Crezegut, Anthony"]
[Result "1-0"]
[WhiteElo "1779"]
[BlackElo "1843"]
[PlyCount "67"]
[GameId "2160767910286141"]
[EventDate "2008.11.19"]
[EventType "tourn"]
[EventRounds "5"]
[EventCountry "CAN"]

1. e4 d5 2. exd5 Qxd5 3. Nf3 Nf6 4. Nc3 Qd6 5. d4 a6 6. Bg5 Nbd7 7. Be2 b5 8. O-O Bb7 9. Bh4 e6 10. Re1 Be7 11. a3 O-O 12. Bg3 Qb6 13. Bh4 Rfd8 14. Qd2 c5 15. Rad1 cxd4 16. Nxd4 Nc5 17. Qe3 Ncd7 18. Bf3 Bxf3 19. Qxf3 Nc5 20. Nc6 Qb7 21. Nxd8 Qxf3 22. gxf3 Rxd8 23. Rxd8+ Bxd8 24. b4 Ncd7 25. Rd1 Be7 26. Rxd7 Nxd7 27. Bxe7 Ne5 28. f4 Nc4 29. a4 Na3 30. axb5 axb5 31. Kf1 f6 32. Ke2 Kf7 33. Bd6 Nxc2 34. Nxb5 1-0

[Event "Montreal Mercredi 11"]
[Site "Montreal CAN"]
[Date "2008.11.26"]
[Round "2"]
[White "Arseneault, Marc"]
[Black "Lalonde, Paul"]
[Result "1-0"]
[WhiteElo "1903"]
[BlackElo "1915"]
[PlyCount "107"]
[GameId "2160767910286143"]
[EventDate "2008.11.19"]
[EventType "tourn"]
[EventRounds "5"]
[EventCountry "CAN"]
[SourceTitle "EXT 2011"]
[Source "ChessBase"]
[SourceDate "2011.11.26"]
[SourceVersion "1"]
[SourceVersionDate "2011.11.26"]
[SourceQuality "1"]

1. d4 Nf6 2. Nf3 d6 3. c4 Bf5 4. Nc3 h6 5. e3 Nbd7 6. Be2 e5 7. dxe5 dxe5 8. O-O Bc5 9. Nd5 c6 10. Nxf6+ Qxf6 11. Nd2 Qg6 12. Bh5 Qd6 13. e4 Be6 14. a3 Nf6 15. b4 Bd4 16. Rb1 Rd8 17. Qe2 O-O 18. Rb3 b5 19. c5 Qd7 20. Rg3 Bc4 21. Nxc4 bxc4 22. Bxh6 Ne8 23. Qxc4 Kh7 24. Bg5 Rb8 25. Rh3 Kg8 26. Bg6 Nf6 27. Bxf6 gxf6 28. Bf5 Qc7 29. Qb3 Rfd8 30. Qg3+ Kf8 31. Rh6 a5 32. Rxf6 axb4 33. axb4 Rxb4 34. Be6 Rd7 35. Bxd7 Qxd7 36. h4 Bxc5 37. Qxe5 Bd4 38. Qd6+ Qxd6 39. Rxd6 c5 40. g4 Ke7 41. Rd5 Bf6 42. g5 Bg7 43. Rxc5 Rxe4 44. Kg2 Rxh4 45. Kg3 Rb4 46. f4 Bd4 47. Rc7+ Kf8 48. Kg4 Kg7 49. Re1 Bb6 50. Rb7 Bc5 51. Rxb4 Bxb4 52. Rb1 Bc3 53. f5 Be5 54. f6+ 1-0

[Event "Montreal Mercredi 11"]
[Site "Montreal CAN"]
[Date "2008.11.26"]
[Round "2"]
[White "Baran, Marius"]
[Black "Marquis, Gerald"]
[Result "1-0"]
[WhiteElo "1684"]
[BlackElo "1542"]
[PlyCount "79"]
[GameId "2160767910286144"]
[EventDate "2008.11.19"]
[EventType "tourn"]
[EventRounds "5"]
[EventCountry "CAN"]
[SourceTitle "EXT 2011"]
[Source "ChessBase"]
[SourceDate "2011.11.26"]
[SourceVersion "1"]
[SourceVersionDate "2011.11.26"]
[SourceQuality "1"]

1. d4 d5 2. c4 e6 3. Nc3 Nf6 4. Bg5 c6 5. e3 Nbd7 6. cxd5 exd5 7. Nf3 Be7 8. Bd3 O-O 9. Rc1 Re8 10. O-O Ne4 11. Bf4 f5 12. h3 Ndf6 13. a3 a5 14. Qc2 Bd6 15. Ne2 Be6 16. Ne5 Nd7 17. f3 Nef6 18. Nxc6 bxc6 19. Bxd6 Rc8 20. e4 fxe4 21. fxe4 dxe4 22. Ba6 Ra8 23. Bb7 Ra7 24. Bxc6 Bd5 25. Bxd5+ Nxd5 26. Qb3 N7f6 27. Rxf6 gxf6 28. Qxd5+ Kh8 29. Qh5 Rg8 30. Bc5 Rag7 31. Nf4 Qb8 32. Rf1 Qxb2 33. Rf2 Qc1+ 34. Rf1 Qe3+ 35. Kh1 Qg3 36. Qe2 f5 37. Nh5 Qxg2+ 38. Qxg2 Rxg2 39. d5 Rc2 40. Bd4+ 1-0

[Event "Montreal Mercredi 11"]
[Site "Montreal CAN"]
[Date "2008.11.26"]
[Round "2"]
[White "Chesnut, Walter"]
[Black "Guindon, Alex"]
[Result "1-0"]
[WhiteElo "1539"]
[BlackElo "1431"]
[PlyCount "69"]
[GameId "2160767910286145"]
[EventDate "2008.11.19"]
[EventType "tourn"]
[EventRounds "5"]
[EventCountry "CAN"]
[SourceTitle "EXT 2011"]
[Source "ChessBase"]
[SourceDate "2011.11.26"]
[SourceVersion "1"]
[SourceVersionDate "2011.11.26"]
[SourceQuality "1"]

1. d4 d5 2. c4 e6 3. Nc3 Nf6 4. cxd5 Nxd5 5. e4 Nxc3 6. bxc3 Be7 7. e5 O-O 8. Nf3 c5 9. Bd3 cxd4 10. cxd4 Nc6 11. O-O b6 12. Be3 Bb7 13. Rc1 Nb4 14. Bb1 Rc8 15. a3 Nd5 16. Qd3 f5 17. exf6 Nxf6 18. Ng5 Qd5 19. f3 h6 20. Nh7 Rfd8 21. Nxf6+ Bxf6 22. Qh7+ Kf8 23. Rxc8 Rxc8 24. Be4 Qb3 25. Bf2 Ba6 26. Be1 Bxd4+ 27. Kh1 Qxa3 28. Qh8+ Kf7 29. Qh7 Bxf1 30. Qg6+ Ke7 31. Bh4+ Kd6 32. Qf7 Bf6 33. Bg3+ Kc5 34. Qd7 Ba6 35. Bd6+ 1-0

[Event "Montreal Mercredi 11"]
[Site "Montreal CAN"]
[Date "2008.11.26"]
[Round "2"]
[White "Crezegut, Anthony"]
[Black "Cote, Philippe"]
[Result "0-1"]
[WhiteElo "1843"]
[BlackElo "1731"]
[PlyCount "43"]
[GameId "2160767910286146"]
[EventDate "2008.11.19"]
[EventType "tourn"]
[EventRounds "5"]
[EventCountry "CAN"]
[SourceTitle "EXT 2011"]
[Source "ChessBase"]
[SourceDate "2011.11.26"]
[SourceVersion "1"]
[SourceVersionDate "2011.11.26"]
[SourceQuality "1"]

1. Nf3 g6 2. d4 Bg7 3. c4 d6 4. Nc3 Nf6 5. e4 O-O 6. h3 e5 7. d5 Na6 8. Be3 Nd7 9. g4 Ndc5 10. Nd2 c6 11. Nb3 cxd5 12. Bxc5 dxc5 13. Nxd5 f5 14. gxf5 gxf5 15. Nd2 Nb4 16. Nxb4 cxb4 17. Qh5 fxe4 18. Nxe4 Qd4 19. Qe2 Bf5 20. Rd1 Qxe4 21. Qxe4 Bxe4 22. Rg1 0-1

[Event "Montreal Mercredi 11"]
[Site "Montreal CAN"]
[Date "2008.11.26"]
[Round "2"]
[White "Fortin-Lavoie, Patrice"]
[Black "Dardoura, Khaled"]
[Result "1-0"]
[WhiteElo "1425"]
[BlackElo "1456"]
[PlyCount "67"]
[GameId "2160767910286147"]
[EventDate "2008.11.19"]
[EventType "tourn"]
[EventRounds "5"]
[EventCountry "CAN"]
[SourceTitle "EXT 2011"]
[Source "ChessBase"]
[SourceDate "2011.11.26"]
[SourceVersion "1"]
[SourceVersionDate "2011.11.26"]
[SourceQuality "1"]

1. c4 e6 2. Nc3 d5 3. cxd5 exd5 4. d4 Nf6 5. Nf3 Bb4 6. a3 Bxc3+ 7. bxc3 O-O 8. e3 Nc6 9. h3 Ne4 10. Qc2 Qf6 11. Bd3 Bf5 12. O-O Rfe8 13. c4 dxc4 14. Qxc4 Nd6 15. Qc2 Be4 16. Bxe4 Nxe4 17. Bb2 Qd6 18. Rad1 Qd5 19. Ne1 Re6 20. Nd3 b6 21. f3 Ng3 22. Rfe1 Rh6 23. Qf2 Nh5 24. e4 Qd7 25. Qe3 Rg6 26. d5 Na5 27. Ne5 Qb5 28. Nxg6 Qxb2 29. Ne7+ Kf8 30. Qg5 g6 31. Kh1 Ng7 32. e5 Re8 33. d6 cxd6 34. exd6 1-0

[Event "Montreal Mercredi 11"]
[Site "Montreal CAN"]
[Date "2008.11.26"]
[Round "2"]
[White "Gauthier, Luc"]
[Black "Luo, Zhao Yang"]
[Result "0-1"]
[WhiteElo "1631"]
[BlackElo "1651"]
[PlyCount "82"]
[GameId "2160767910286148"]
[EventDate "2008.11.19"]
[EventType "tourn"]
[EventRounds "5"]
[EventCountry "CAN"]

1. e4 c6 2. d4 d5 3. exd5 cxd5 4. Bd3 Nc6 5. c3 Nf6 6. Bf4 e6 7. Nf3 Bd6 8. Bxd6 Qxd6 9. Nbd2 O-O 10. O-O Re8 11. Re1 e5 12. dxe5 Nxe5 13. Nxe5 Rxe5 14. Rxe5 Qxe5 15. Nf3 Qh5 16. Nd4 Qxd1+ 17. Rxd1 Bd7 18. Re1 Re8 19. Rxe8+ Bxe8 20. f3 Bd7 21. Kf2 Kf8 22. Ke3 g6 23. Bb5 Ke7 24. Bxd7 Nxd7 25. Ne2 g5 26. Kd4 Ke6 27. f4 g4 28. Ng3 Nf6 29. f5+ Kd6 30. Ne2 Nh5 31. g3 Ng7 32. f6 Nh5 33. Nf4 Nxf4 34. gxf4 h5 35. c4 dxc4 36. f5 b5 37. Ke4 a5 38. Kf4 Kd5 39. Kg5 Ke5 40. Kxh5 Kxf5 41. Kh4 b4 0-1

[Event "Montreal Mercredi 11"]
[Site "Montreal CAN"]
[Date "2008.11.26"]
[Round "2"]
[White "Giroux, Robert"]
[Black "Poschmann, Jeremie"]
[Result "1-0"]
[WhiteElo "1987"]
[BlackElo "1889"]
[PlyCount "63"]
[GameId "2160767910286150"]
[EventDate "2008.11.19"]
[EventType "tourn"]
[EventRounds "5"]
[EventCountry "CAN"]
[SourceTitle "EXT 2011"]
[Source "ChessBase"]
[SourceDate "2011.11.26"]
[SourceVersion "1"]
[SourceVersionDate "2011.11.26"]
[SourceQuality "1"]

1. e4 e6 2. d4 d5 3. Nc3 Bb4 4. e5 c5 5. Bd2 Ne7 6. Nb5 Bxd2+ 7. Qxd2 Nf5 8. dxc5 O-O 9. Bd3 Nc6 10. Nf3 a6 11. Nd6 Nxd6 12. cxd6 f6 13. exf6 Rxf6 14. O-O-O e5 15. d7 Bxd7 16. Be2 d4 17. Bc4+ Be6 18. Bxe6+ Rxe6 19. Ng5 Rg6 20. h4 h6 21. Qd3 Qf6 22. Qb3+ Kh8 23. Qxb7 Rb8 24. Qd7 Qf4+ 25. Kb1 hxg5 26. hxg5+ Kg8 27. Qd5+ Kf8 28. Rd3 e4 29. Qd7 Ne7 30. Rh8+ Ng8 31. Rb3 Re8 32. Rxg8+ 1-0

[Event "Montreal Mercredi 11"]
[Site "Montreal CAN"]
[Date "2008.11.26"]
[Round "2"]
[White "Lamouche, Andre"]
[Black "Savard, Alain"]
[Result "1/2-1/2"]
[WhiteElo "1732"]
[BlackElo "1756"]
[PlyCount "88"]
[GameId "2160767910294343"]
[EventDate "2008.11.19"]
[EventType "tourn"]
[EventRounds "5"]
[EventCountry "CAN"]
[SourceTitle "EXT 2011"]
[Source "ChessBase"]
[SourceDate "2011.11.26"]
[SourceVersion "1"]
[SourceVersionDate "2011.11.26"]
[SourceQuality "1"]

1. e4 e6 2. d4 d5 3. Nc3 Bb4 4. e5 c5 5. a3 Bxc3+ 6. bxc3 Qc7 7. Bd3 Ne7 8. Bd2 c4 9. Be2 Bd7 10. f4 Ba4 11. Nf3 h5 12. Ng5 g6 13. O-O Nf5 14. g4 hxg4 15. Bxg4 Nc6 16. Bxf5 gxf5 17. Be1 O-O-O 18. h4 Rdg8 19. Bg3 Qe7 20. Rf3 Rh5 21. Re3 Rgh8 22. Qe2 Qf8 23. Rf1 Ne7 24. Rf2 Ng6 25. Rh2 Be8 26. Qe1 Qxa3 27. Nf3 Rg8 28. Rg2 Qb2 29. Nd2 Ba4 30. Qe2 Qa1+ 31. Kf2 Nxf4 32. Bxf4 Rxg2+ 33. Kxg2 Rxh4 34. Bh2 Rg4+ 35. Rg3 Rxg3+ 36. Bxg3 Qxc3 37. Nf3 Qxc2 38. Qxc2 Bxc2 39. Be1 Be4 40. Kf2 Bxf3 41. Kxf3 b6 42. Kf4 a5 43. Kg5 Kd7 44. Bd2 Ke8 1/2-1/2

[Event "Montreal Mercredi 11"]
[Site "Montreal CAN"]
[Date "2008.11.26"]
[Round "2"]
[White "Plante, Michel"]
[Black "Morin, Louis"]
[Result "0-1"]
[WhiteElo "2064"]
[BlackElo "1896"]
[PlyCount "83"]
[GameId "2160767910294344"]
[EventDate "2008.11.19"]
[EventType "tourn"]
[EventRounds "5"]
[EventCountry "CAN"]
[SourceTitle "EXT 2011"]
[Source "ChessBase"]
[SourceDate "2011.11.26"]
[SourceVersion "1"]
[SourceVersionDate "2011.11.26"]
[SourceQuality "1"]

1. d4 d5 2. Nf3 Nf6 3. e3 g6 4. c4 c6 5. Nc3 Bg7 6. Qb3 O-O 7. Bd3 Qb6 8. Qxb6 axb6 9. cxd5 cxd5 10. Bd2 Bf5 11. Ke2 Bxd3+ 12. Kxd3 Nc6 13. Rhc1 e6 14. Be1 Rfd8 15. b3 e5 16. Nxe5 Nxe5+ 17. dxe5 Nd7 18. f4 Nc5+ 19. Ke2 f6 20. Bh4 fxe5 21. Bxd8 Rxd8 22. b4 Ne6 23. Rd1 exf4 24. Rac1 fxe3 25. Nxd5 Rxd5 26. Rxd5 Nf4+ 27. Kxe3 Nxd5+ 28. Ke4 Nxb4 29. Rc8+ Bf8 30. a4 Na6 31. Kd5 Kf7 32. g4 Be7 33. Rh8 Kg7 34. Rc8 h6 35. h3 Kf6 36. h4 Kg7 37. Ke6 Bxh4 38. Rc4 Nc5+ 39. Kd6 Bg3+ 40. Ke7 Bf2 41. Rf4 Bh4+ 42. Rf6 0-1